000 00486nam a2200181Ia 4500
005 20250130015705.0
008 240331s9999 xx 000 0 und d
020 _a8185229120
082 _bHIS
_a954
245 0 _aHistory and ideology the Khalsa over 300 years
260 _aNew Delhi
_bManohar Publishers and Distributors
_c2001
300 _aXxvi, 227 p .,
650 _aHistory
650 _aPolitical
700 _aGrewal, J.S.
_eedt
700 _aBanga, Indu
_eedt
942 _cL
999 _c3511
_d3511